| 000 | 00581nam a2200169 a 4500 | ||
|---|---|---|---|
| 001 | 000036174 | ||
| 005 | 20200930074929.0 | ||
| 008 | 120110s2011 dr ac 000 0 spa d | ||
| 020 | _a9789945005141 | ||
| 040 |
_aDO-SdBNP _bspa _cBNPHU |
||
| 082 |
_axxx _bB828m |
||
| 100 | 1 |
_aBrea Tió, Héctor, _d1953- _938649 |
|
| 245 | 1 | 0 |
_aMúsicos y cantantes maeños : _bhomenaje a Juan Colón / _cHéctor Brea Tió ; prólogo Manuel Mora Serrano. |
| 260 |
_aSanto Domingo : _bBúho, _c2011. |
||
| 300 |
_a189 p. : _bil., retrs. ; _c24 cm. |
||
| 500 | _aIncluye referencias bibliografícas p. 189 | ||
| 999 |
_c35665 _d35665 |
||